[Event "43rd Olympiad 2018"]
[Site "Batumi GEO"]
[Date "2018.09.26"]
[Round "3.5"]
[White "Mamedyarov,S"]
[Black "Borisek,J"]
[Result "1/2-1/2"]
[WhiteElo "2820"]
[BlackElo "2578"]

1.d4 d5 2.Nf3 Nf6 3.c4 dxc4 4.Qa4+ c6 5.Qxc4 Bf5 6.g3 e6 7.Bg2 Be7 8.O-O O-O
9.Nc3 Nbd7 10.Re1 Rc8 11.e4 Bg4 12.Qb3 b5 13.h3 Bxf3 14.Bxf3 e5 15.dxe5 Nxe5
16.Bg2 Bc5 17.Rd1 Qe7 18.a4 a6 19.axb5 axb5 20.Qc2 Rfd8 21.Bf4 Nh5 22.Bxe5 Qxe5
23.Ne2 Rxd1+ 24.Rxd1 g5 25.Qc3 Qxc3 26.bxc3 Ng7 27.Kf1 Ne6 28.e5 b4 29.cxb4 Bxb4
30.Rd7 Kf8 31.f4 gxf4 32.gxf4 Rc7 33.Rd1 f6 34.f5 Ng7 35.Rd8+ Ke7 36.Rb8 Bc5
37.Ng3 Bd4 38.e6 Ne8 39.Ne4 Ng7 40.Rh8 Nxf5 41.Rxh7+ Kd8 42.Rh8+  1/2-1/2

[Event "43rd Olympiad 2018"]
[Site "Batumi GEO"]
[Date "2018.09.27"]
[Round "4.5"]
[White "Mamedyarov,S"]
[Black "Adams,Mi"]
[Result "1-0"]
[WhiteElo "2820"]
[BlackElo "2712"]

1.d4 Nf6 2.c4 e6 3.Nf3 d5 4.Nc3 c5 5.cxd5 Nxd5 6.e4 Nxc3 7.bxc3 cxd4 8.cxd4 Bb4+
9.Bd2 Bxd2+ 10.Qxd2 O-O 11.Bc4 Nd7 12.O-O b6 13.Rad1 Bb7 14.Rfe1 Rc8 15.Bb3 h6
16.h3 Re8 17.Re3 Qf6 18.Qe2 Qf4 19.g3 Qc7 20.d5 exd5 21.exd5 Rxe3 22.Qxe3 Qc5
23.Qf4 Qc3 24.Nd4 Re8 25.d6 Nf6 26.Kh2 Qb2 27.Nc2 Qc3 28.Nd4 Qb2 29.d7 Rd8
30.Nf5 Be4 31.Nd6 Bg6 32.Nc4 Qe2 33.Ne5 Kh7 34.g4 b5 35.Qe3 Qb2 36.Kg1 b4
37.Nxg6  1-0

[Event "43rd Olympiad 2018"]
[Site "Batumi GEO"]
[Date "2018.09.28"]
[Round "5.1"]
[White "Aronian,L"]
[Black "Mamedyarov,S"]
[Result "0-1"]
[WhiteElo "2780"]
[BlackElo "2820"]

1.e4 e5 2.Nf3 Nc6 3.Bb5 a6 4.Ba4 Nf6 5.O-O Nxe4 6.d4 Be7 7.Re1 b5 8.Rxe4 d5
9.Nxe5 Nxe5 10.Rxe5 bxa4 11.Qe1 f6 12.Re3 c5 13.Qd1 O-O 14.Nc3 Rb8 15.b3 cxd4
16.Qxd4 Bd6 17.Qxd5+ Kh8 18.Rd3 Qe8 19.Bb2 Be5 20.Nxa4 Rb5 21.Qf3 Bb7 22.Qe3 Be4
23.Rd2 Bxg2 24.Kxg2 Qg6+ 25.Kf1 Bxh2 26.Re1 Rg5 27.Ke2 Re8 28.Kd1 Rg1 29.Be5 Bxe5
30.Re2 h5 31.Qd3 Qg2 32.Nb6 Rxe1+ 33.Rxe1 Qxf2 34.Nd5 Rd8 35.c4 Qxa2 36.Qf3 g6
37.Re3 Kg7 38.Qh3 Qf2 39.Rd3 Qg1+ 40.Kc2 Qh2+ 41.Qxh2 Bxh2 42.Rh3 Be5 43.Kd3 a5
44.Ke4 Kf7 45.Kf3 Rh8 46.Kg2 g5 47.Ne3 Ke6 48.Kf1 f5  0-1

[Event "43rd Olympiad 2018"]
[Site "Batumi GEO"]
[Date "2018.09.30"]
[Round "6.1"]
[White "Mamedyarov,S"]
[Black "Navara,D"]
[Result "1-0"]
[WhiteElo "2820"]
[BlackElo "2740"]

1.d4 Nf6 2.Nf3 d5 3.c4 e6 4.Nc3 c5 5.cxd5 Nxd5 6.e4 Nxc3 7.bxc3 cxd4 8.cxd4 Bb4+
9.Bd2 Bxd2+ 10.Qxd2 O-O 11.Bc4 Nd7 12.O-O b6 13.Rad1 Bb7 14.Rfe1 Rc8 15.Bb3 Re8
16.h3 h6 17.Qf4 Qc7 18.e5 Nf8 19.Nd2 Ng6 20.Qg4 b5 21.Ne4 Bxe4 22.Qxe4 a5
23.d5 exd5 24.Rxd5 a4 25.Bd1 Qb7 26.Bf3 Ne7 27.Rd6 Qxe4 28.Bxe4 Ng6 29.e6 Nf4
30.exf7+ Kxf7 31.g3 Ke7 32.Rd2 Ne6 33.Rd5 b4 34.f4 b3 35.axb3 axb3 36.Bg6 Rf8
37.f5 Rf6 38.Rxe6+ Rxe6 39.fxe6 b2 40.Rb5 Kf6 41.Bh7  1-0

[Event "43rd Olympiad 2018"]
[Site "Batumi GEO"]
[Date "2018.10.01"]
[Round "7.1"]
[White "Duda,J"]
[Black "Mamedyarov,S"]
[Result "1/2-1/2"]
[WhiteElo "2739"]
[BlackElo "2820"]

1.e4 e5 2.Nf3 Nc6 3.Bc4 Bc5 4.c3 Nf6 5.d3 d6 6.Nbd2 a6 7.Bb3 h6 8.Nf1 d5
9.exd5 Nxd5 10.Ng3 O-O 11.O-O Re8 12.Re1 Nf6 13.h3 Be6 14.Bc2 Bd5 15.Nh4 Qd7
16.Nhf5 Bf8 17.f4 Rad8 18.fxe5 Nxe5 19.d4 Ng6 20.Rf1 Qc6 21.Rf2 Ne4 22.Nxe4 Bxe4
23.Bb3 Bd5 24.Bd2 Qe6 25.Bxd5 Qxd5 26.Ne3 Qd7 27.b4 b6 28.Qf1 c5 29.bxc5 bxc5
30.d5 c4 31.Qxc4 Qb5 32.d6 Qxc4 33.Nxc4 Re4 34.Na5 Rxd6 35.Nb3 Rd3 36.Re1 Ra4
37.Re3 Rd5 38.Be1 Ne5 39.Rc2 f6 40.Bg3 Bd6 41.Bxe5 Bxe5 42.c4 Rd6 43.Kf1 Rc6  1/2-1/2

[Event "43rd Olympiad 2018"]
[Site "Batumi GEO"]
[Date "2018.10.02"]
[Round "8.1"]
[White "Caruana,F"]
[Black "Mamedyarov,S"]
[Result "1-0"]
[WhiteElo "2827"]
[BlackElo "2820"]

1.e4 e5 2.Nf3 Nc6 3.Bb5 a6 4.Ba4 Nf6 5.O-O Nxe4 6.d4 b5 7.Bb3 d5 8.dxe5 Be6
9.Nbd2 Nc5 10.c3 Be7 11.Bc2 d4 12.Nb3 d3 13.Bb1 Nxb3 14.axb3 Bf5 15.Be3 O-O
16.Bd4 Qd5 17.Re1 d2 18.Re2 Bxb1 19.Rxb1 Nxd4 20.Nxd4 Bg5 21.g3 c5 22.Nf5 Qd3
23.Nd6 Qg6 24.h4 Bf4 25.Ne4 f5 26.Nxd2 Rad8 27.Ra1 Rfe8 28.Qe1 Bxd2 29.Rxd2 Rxd2
30.Qxd2 Rxe5 31.Qd8+ Re8 32.Qd5+ Qe6 33.Rd1 c4 34.bxc4 bxc4 35.Qb7 Re7 36.Rd8+ Kf7
37.Qf3 g6 38.Qf4 Qc6 39.Rd1 Re4 40.Qh6 Kg8 41.h5 Re8 42.hxg6 hxg6 43.Kf1 Re6
44.Qh4 Re8 45.Rd4 Rc8 46.Qh6 Qe6 47.Rh4 Kf7 48.Qh7+ Kf6 49.Rd4 Qe7 50.Qh6 Kf7
51.Qd2 Rc7 52.Rh4 Kf6 53.Qd4+ Qe5 54.Qb6+ Kg7 55.Qb8 Kf6 56.Qh8+ Ke6 57.Qg8+ Kf6
58.Rd4 Qe7 59.Rd8 Kg5 60.f4+ Kh5 61.Rd2 Qg7 62.Rh2+ Kg4 63.Kg2 g5 64.Qe8  1-0

[Event "43rd Olympiad 2018"]
[Site "Batumi GEO"]
[Date "2018.10.03"]
[Round "9.2"]
[White "Mamedyarov,S"]
[Black "Ding Liren"]
[Result "1/2-1/2"]
[WhiteElo "2820"]
[BlackElo "2804"]

1.d4 Nf6 2.Nf3 d5 3.c4 e6 4.Nc3 c5 5.cxd5 Nxd5 6.e4 Nxc3 7.bxc3 cxd4 8.cxd4 Bb4+
9.Bd2 Bxd2+ 10.Qxd2 O-O 11.Bc4 Nd7 12.O-O b6 13.Rad1 Bb7 14.Rfe1 Rc8 15.Bb3 Re8
16.h3 Nf6 17.Qf4 Nh5 18.Qh2 h6 19.d5 exd5 20.e5 g6 21.Nd4 Ng7 22.Nb5 Nf5
23.g4 a6 24.Qf4 axb5 25.gxf5 Qg5+ 26.Qxg5 hxg5 27.f6 Rc3 28.Bxd5 Bxd5 29.Rxd5 Rc5
30.Red1 b4 31.Kg2 Ra5 32.R1d2 Kh7 33.Rd7 Kg8 34.R2d5 Rxa2 35.Re7 Rf8 36.Rb5 Raa8
37.Rxb4 Rfe8 38.Rxb6 Rxe7 39.fxe7 Re8 40.Rb7 Kg7 41.Kf3 f6 42.Rb6 f5 43.Rb7 Kf7
44.Ke3 Ra8 45.Kd4 Ke6 46.Ra7 Rb8 47.e8=B Rxe8 48.Ra6+ Kf7 49.Kd5 Re7 50.e6+ Kf6
51.Ra8 Rb7 52.Rf8+ Kg7 53.Rd8 Kf6 54.Rf8+  1/2-1/2

[Event "43rd Olympiad 2018"]
[Site "Batumi GEO"]
[Date "2018.10.04"]
[Round "10.6"]
[White "Mamedyarov,S"]
[Black "Ivanchuk,V"]
[Result "1/2-1/2"]
[WhiteElo "2820"]
[BlackElo "2710"]

1.d4 Nf6 2.c4 e6 3.Nf3 b6 4.a3 Bb7 5.Bf4 Be7 6.Nc3 Ne4 7.Nxe4 Bxe4 8.e3 d6
9.Bd3 Bxd3 10.Qxd3 Nd7 11.O-O-O c5 12.Kb1 Rc8 13.Rc1 cxd4 14.exd4 Nf6 15.Bg5 O-O
16.d5 e5 17.Bxf6 Bxf6 18.h4 Qd7 19.Ng5 g6 20.f3 Bxg5 21.hxg5 f6 22.gxf6 Rxf6
23.Rhe1 Rf4 24.Re4 Rxe4 25.Qxe4 Rf8 26.Re1 Rf4 27.Qc2 Kg7 28.Ka2 h5 29.Re4 Qf5
30.Qa4 Rxe4 31.fxe4 Qxe4 32.Qd7+ Kh6 33.Qxd6 Qxc4+ 34.Ka1 Qc1+  1/2-1/2

[Event "34th ECC Open 2018"]
[Site "Porto Carras GRE"]
[Date "2018.10.12"]
[Round "1.3"]
[White "Mamedyarov,S"]
[Black "Sammalvuo,T"]
[Result "1-0"]
[WhiteElo "2820"]
[BlackElo "2414"]

1.d4 Nf6 2.c4 e6 3.Nc3 Bb4 4.Qc2 c5 5.dxc5 O-O 6.a3 Bxc5 7.Nf3 b6 8.Bf4 Bb7
9.Rd1 Nc6 10.e3 Nh5 11.Bg3 Be7 12.Be2 Nxg3 13.hxg3 h6 14.g4 Rc8 15.Nb5 f5
16.Nfd4 Nxd4 17.Nxd4 b5 18.gxf5 bxc4 19.fxe6 Qa5+ 20.Qc3 Qxc3+ 21.bxc3 dxe6
22.Nxe6 Rf6 23.Nxg7 Bxa3 24.Nh5 Rd6 25.Rh4 Rxd1+ 26.Kxd1 Kf8 27.Ng3 Bxg2
28.Rxh6 Rc7 29.Rh5 Bd6 30.f4 Bc5 31.Nf5 Bb6 32.Kd2 Bd5 33.Rh8+ Kf7 34.Rd8 Rc5
35.Rd6 Ra5 36.Bh5+ Kf8 37.e4 Bxe4 38.Rf6+ Kg8 39.Bf7+ Kf8 40.Bxc4+ Ke8 41.Nd6+  1-0

[Event "34th ECC Open 2018"]
[Site "Porto Carras GRE"]
[Date "2018.10.15"]
[Round "4.1"]
[White "Efimenko,Z"]
[Black "Mamedyarov,S"]
[Result "1/2-1/2"]
[WhiteElo "2641"]
[BlackElo "2820"]

1.Nf3 Nf6 2.g3 g6 3.b3 Bg7 4.Bb2 O-O 5.Bg2 d6 6.d4 c6 7.O-O Qa5 8.Nbd2 Qh5
9.e4 Bg4 10.Re1 Nbd7 11.Qe2 e5 12.Qf1 exd4 13.Nxd4 c5 14.N4f3 Nxe4 15.Bxg7 Nxd2
16.Nxd2 Kxg7 17.Qd3 Qf5 18.Qxf5 Bxf5 19.Nc4 Rad8 20.Nxd6 b6 21.c4 Nf6 22.Rad1 Bg4
23.f3 Be6 24.f4 Bg4 25.Rd2 Rd7 26.Bc6 Rc7 27.Bg2 Rd7 28.Bc6 Rc7 29.Bg2 Rd7
30.Bc6 Rc7  1/2-1/2

[Event "34th ECC Open 2018"]
[Site "Porto Carras GRE"]
[Date "2018.10.16"]
[Round "5.2"]
[White "Mamedyarov,S"]
[Black "Carlsen,M"]
[Result "1/2-1/2"]
[WhiteElo "2820"]
[BlackElo "2839"]

1.d4 Nf6 2.c4 e6 3.Nf3 d5 4.Nc3 Bb4 5.cxd5 exd5 6.Bg5 h6 7.Bh4 O-O 8.e3 Bf5
9.Qb3 Bxc3+ 10.Qxc3 Nbd7 11.Be2 c6 12.Nd2 Ne4 13.Nxe4 Qxh4 14.Nd6 Bg4 15.g3 Qf6
16.Bxg4 Qxd6 17.Qa3 Qc7 18.Rc1 Nf6 19.Bf3 a5 20.O-O Rfe8 21.Rc2 Qd7 22.Rc5 Qd8
23.b4 axb4 24.Qxb4 Ra7 25.a4 Ne4 26.Bxe4 Rxe4 27.a5 Re7 28.Rb1 Ra6 29.Qd2 Rd7
30.Rb3 g6  1/2-1/2

[Event "34th ECC Open 2018"]
[Site "Porto Carras GRE"]
[Date "2018.10.17"]
[Round "6.5"]
[White "Petenyi,T"]
[Black "Mamedyarov,S"]
[Result "0-1"]
[WhiteElo "2444"]
[BlackElo "2820"]

1.e4 e5 2.Nf3 Nc6 3.Bb5 g6 4.Bxc6 dxc6 5.d3 Bg7 6.Nc3 Ne7 7.Be3 f5 8.Qe2 f4
9.Bd2 c5 10.O-O-O Nc6 11.Rde1 O-O 12.h3 Be6 13.Kb1 a5 14.Qd1 Nd4 15.Ne2 Nxf3
16.gxf3 Qh4 17.Ref1 b5 18.Qc1 Rfd8 19.Qe1 a4 20.Nc1 Rac8 21.a3 Rb8 22.Ba5 Rb7
23.Qc3 Ra8 24.b4 Rxa5 25.bxa5 Qe7 26.a6 Ra7 27.Qa5 Qd6 28.Qxb5 Rxa6 29.Qe8+ Bf8
30.c3 c4 31.Kc2 cxd3+ 32.Kd2 Qxa3 33.Nxd3 Qa2+ 34.Ke1 Rd6  0-1

[Event "Tata Steel India Blitz"]
[Site "Kolkata IND"]
[Date "2018.11.14"]
[Round "10.3"]
[White "Karjakin,Sergey"]
[Black "Mamedyarov,S"]
[Result "1/2-1/2"]
[WhiteElo "2753"]
[BlackElo "2817"]

1.e4 c6 2.d4 d5 3.e5 Bf5 4.Nf3 e6 5.Be2 Ne7 6.c3 Nd7 7.O-O c5 8.dxc5 Nxc5
9.Nd4 Bg6 10.Be3 Nd7 11.f4 Nf5 12.Bf2 Be7 13.Nd2 Nxd4 14.Bxd4 O-O 15.Nb3 b6
16.Bg4 Qc7 17.Qe2 Rfe8 18.Rae1 Bc5 19.Kh1 a5 20.Qe3 a4 21.Nd2 Bxd4 22.Qxd4 Qc5
23.a3 Qxd4 24.cxd4 Rac8 25.Rc1 Nb8 26.Be2 Red8 27.Bb5 Bc2 28.Rf3 Nc6 29.Bxc6 Rxc6
30.Rc3 Rxc3 31.bxc3 Bd3 32.Kg1 b5 33.Kf2 h5 34.Ke3 Bf5 35.Nf3 Rc8 36.Kd2 Be4
37.Rf1 f6 38.g3 Kf7 39.Ne1 h4 40.g4 h3 41.Nd3 Bxd3 42.Kxd3 Rc7 43.Rf3 Ra7
44.Rxh3 Ra8 45.Rh5 Rc8 46.h4 b4 47.cxb4 Rc1 48.exf6 Kxf6 49.Rh8 Ra1 50.Rf8+ Ke7
51.Ra8 Rxa3+ 52.Kc2 Rf3 53.f5 exf5 54.gxf5 a3 55.Ra7+ Kf6 56.b5 Rf2+ 57.Kc3 Rb2
58.Rxa3 Rxb5 59.Ra7 Rb1 60.Rd7 Rb5 61.h5 Rb8 62.Rxd5 Rh8 63.Rd6+ Kxf5 64.Kc4 Rc8+
65.Kb5 Rh8 66.Kc6 Ke4 67.d5 Rxh5 68.Re6+ Kf5 69.Re7 g5 70.d6 Rh1 71.d7 Rc1+
72.Kb7 Rd1 73.Kc7 g4  1/2-1/2

[Event "Tata Steel India Blitz"]
[Site "Kolkata IND"]
[Date "2018.11.14"]
[Round "11.5"]
[White "Mamedyarov,S"]
[Black "Anand,V"]
[Result "0-1"]
[WhiteElo "2817"]
[BlackElo "2773"]

1.c4 c5 2.g3 g6 3.Bg2 Bg7 4.Nc3 Nc6 5.a3 Nf6 6.Rb1 Rb8 7.b4 b6 8.Nf3 Bb7
9.O-O O-O 10.d3 d6 11.Qa4 Nd7 12.Bb2 a6 13.Ne4 Bxb2 14.Rxb2 b5 15.Qc2 bxc4
16.dxc4 cxb4 17.axb4 Nxb4 18.Qb1 a5 19.Nc3 Rc8 20.Na2 Bxf3 21.Bxf3 Nxa2 22.Qxa2 Ne5
23.Rc1 Nxf3+ 24.exf3 Rc5 25.Rb7 d5 26.Rd1 Rxc4 27.Rb5 e6 28.Rxa5 Qc7 29.Ra7 Qc5
30.Ra5 Rc2 31.Rxc5 Rxa2 32.Rb1 Ra7 33.Kg2 Kg7 34.f4 Rd8 35.Rb3 Rdd7 36.Kf3 Rdb7
37.Rxb7 Rxb7 38.g4 Kf6 39.Kg3 h5 40.f3 Rb3 41.gxh5 gxh5 42.Rc8 h4+ 43.Kg4 Rb2
44.h3 Rg2+ 45.Kxh4 Kf5 46.Rf8 Rg7  0-1

[Event "Tata Steel India Blitz"]
[Site "Kolkata IND"]
[Date "2018.11.14"]
[Round "12.2"]
[White "Vidit,S"]
[Black "Mamedyarov,S"]
[Result "0-1"]
[WhiteElo "2702"]
[BlackElo "2817"]

1.d4 d5 2.Nf3 Nf6 3.Bf4 b6 4.e3 Bb7 5.Nbd2 e6 6.Ne5 Bd6 7.Bd3 Nfd7 8.Qg4 g6
9.h4 Bxe5 10.dxe5 Nc6 11.Qg3 h6 12.O-O-O Qe7 13.e4 Nb4 14.a3 Nxd3+ 15.Qxd3 O-O-O
16.Qe3 Nc5 17.Bxh6 d4 18.Qf4 d3 19.Bg5 Qd7 20.Bxd8 dxc2 21.Kxc2 Qd3+ 22.Kc1 Bxe4
23.Qxe4 Nxe4 24.Rh3 Qe2 25.Nxe4 Rxd8 26.Rxd8+ Kxd8 27.Re3 Qf1+ 28.Kd2 Qxg2
29.Kc3 Ke7 30.Nf6 Qxf2 31.Re4 c5 32.b4 b5 33.bxc5 Qxc5+ 34.Kb3 a5 35.Kb2 b4
36.axb4 axb4 37.Re2 Qc3+ 38.Kb1 Qd3+  0-1

[Event "Tata Steel India Blitz"]
[Site "Kolkata IND"]
[Date "2018.11.14"]
[Round "13.1"]
[White "Mamedyarov,S"]
[Black "Praggnanandhaa,R"]
[Result "1-0"]
[WhiteElo "2817"]
[BlackElo "2530"]

1.d4 Nf6 2.c4 e6 3.Nc3 d5 4.Bg5 Be7 5.e3 O-O 6.Qc2 h6 7.Bxf6 Bxf6 8.Nf3 c6
9.h4 g6 10.O-O-O Nd7 11.e4 Bg7 12.Kb1 b6 13.e5 Bb7 14.Rh3 Qe7 15.cxd5 exd5
16.h5 g5 17.Qf5 Qe6 18.Bd3 Qxf5 19.Bxf5 Rfd8 20.Nh2 Nf8 21.g3 c5 22.Ng4 cxd4
23.Nb5 Ne6 24.Bxe6 fxe6 25.Nxd4 Rf8 26.Rhh1 Rf7 27.Rc1 Re8 28.Rc3 Bf8 29.Nf6+ Rxf6
30.exf6 Bc5 31.Rd1 Kf7 32.b4 Bd6 33.Nb5 Be5 34.Re3 Bb8 35.Nd4 Kxf6 36.Rf3+ Kg7
37.Re1 e5 38.Nf5+ Kh7 39.Nd6 Bxd6 40.Rf7+ Kg8 41.Rxb7 Bxb4 42.Rd1 Rd8 43.Rxa7 e4
44.Ra4 Bc5 45.Rxe4 Bxf2 46.g4 Bc5 47.Re6 Kg7 48.Rf1 d4 49.Rg6+ Kh7 50.Rf7+ Kh8
51.Rxh6+ Kg8 52.Rhh7 Rd6 53.Rfg7+ Kf8 54.Rd7  1-0

[Event "Tata Steel India Blitz"]
[Site "Kolkata IND"]
[Date "2018.11.14"]
[Round "15.2"]
[White "Mamedyarov,S"]
[Black "Harikrishna,P"]
[Result "1/2-1/2"]
[WhiteElo "2817"]
[BlackElo "2729"]

1.d4 Nf6 2.c4 e6 3.Nf3 d5 4.Bg5 Bb4+ 5.Nbd2 dxc4 6.e4 Bxd2+ 7.Nxd2 Qxd4 8.Qc2 Nc6
9.Bxc4 h6 10.Be3 Qd6 11.Bb5 Bd7 12.O-O-O Nb4 13.Bxd7+ Nxd7 14.Qb3 Nc5 15.Qc4 Qa6
16.a3 Qxc4+ 17.Nxc4 Nb3+ 18.Kb1 Nc6 19.Rd3 Nba5 20.Nd2 Ne5 21.Rc3 Nac6 22.b4 a6
23.Nb3 O-O-O 24.Nc5 g5 25.Rhc1 Rd6 26.f4 gxf4 27.Bxf4 h5 28.a4 f6 29.Nb3 Nxb4
30.Rxc7+ Kb8 31.Rg7 Ka8 32.Bxe5 fxe5 33.Rcc7 Rb6 34.a5 Rb5 35.Rc5 Rf8 36.Rxb5 axb5
37.Nc5 Na6 38.Nxb7 Rf2 39.Nd8 Nb4 40.Nxe6 h4 41.h3 Kb8 42.Nc7 Nd3 43.a6 Ka7
44.Rd7 Nc5 45.Re7 Nxa6 46.Nd5+ Kb8 47.Rxe5 Rxg2 48.Nf4 Rf2 49.Rxb5+ Kc8 50.Rf5 Nb4
51.Ng6 Rxf5 52.Ne7+ Kd7 53.Nxf5 Ke6 54.Kb2 Ke5 55.Kc3 Na6 56.Nxh4  1/2-1/2

[Event "Tata Steel India Blitz"]
[Site "Kolkata IND"]
[Date "2018.11.14"]
[Round "16.5"]
[White "Aronian,L"]
[Black "Mamedyarov,S"]
[Result "1-0"]
[WhiteElo "2765"]
[BlackElo "2817"]

1.d4 d5 2.Nf3 Nf6 3.c4 c5 4.cxd5 cxd4 5.Nxd4 Qxd5 6.Nc3 Qa5 7.Nb3 Qc7 8.g3 e5
9.Bg2 Bb4 10.Bd2 O-O 11.Rc1 Rd8 12.Nd5 Bxd2+ 13.Nxd2 Qd6 14.Nc7 Nc6 15.Nxa8 Be6
16.O-O Qb4 17.a3 Qxb2 18.Rc2 Qxa3 19.Bxc6 bxc6 20.Nc7 Bb3 21.Qc1 Qxc1 22.Rfxc1 Bxc2
23.Rxc2 a5 24.Nc4 a4 25.Nxe5 Ne4 26.Nxc6 Rd1+ 27.Kg2 a3 28.Nb5  1-0

[Event "Tata Steel India Blitz"]
[Site "Kolkata IND"]
[Date "2018.11.14"]
[Round "17.3"]
[White "Mamedyarov,S"]
[Black "So,W"]
[Result "0-1"]
[WhiteElo "2817"]
[BlackElo "2765"]

1.f4 d5 2.Nf3 g6 3.g3 Bg7 4.Bg2 Nf6 5.O-O b6 6.c4 c5 7.Ne5 O-O 8.Nc3 Bb7
9.g4 e6 10.e3 Ne4 11.d4 f6 12.Nd3 cxd4 13.exd4 f5 14.Ne5 dxc4 15.Nxe4 Bxe4
16.Bxe4 fxe4 17.Be3 Qd5 18.Rc1 b5 19.b3 Nc6 20.bxc4 bxc4 21.Rxc4 Nxe5 22.Rc5 Nc4
23.Rxd5 Nxe3 24.Qe2 Nxf1 25.Rd7 Rxf4 26.Qc4 Ne3 27.Qxe6+ Kh8 28.h3 Raf8 29.Rxg7 Kxg7
30.Qe5+ Kh6  0-1

[Event "Tata Steel India Blitz"]
[Site "Kolkata IND"]
[Date "2018.11.14"]
[Round "18.4"]
[White "Ganguly,S"]
[Black "Mamedyarov,S"]
[Result "0-1"]
[WhiteElo "2615"]
[BlackElo "2817"]

1.e4 e5 2.Nf3 Nc6 3.Bc4 Nf6 4.d3 h6 5.O-O d6 6.c3 g5 7.Nbd2 Bg7 8.Bb3 O-O
9.Nc4 Be6 10.Re1 Re8 11.a4 d5 12.Ncxe5 Nxe5 13.Nxe5 dxe4 14.d4 c5 15.a5 cxd4
16.cxd4 Rc8 17.h3 Rc7 18.Ba4 Rf8 19.Bc2 Qd5 20.Ra3 Rd8 21.Be3 Qb5 22.Bb3 Nd5
23.Bd2 Bxe5 24.dxe5 Nf4 25.Bxe6 Nxe6 26.b4 Qd5  0-1

[Event "World Blitz 2018"]
[Site "St Petersburg RUS"]
[Date "2018.12.29"]
[Round "1.13"]
[White "Mamedyarov,S"]
[Black "Maslak,K"]
[Result "1-0"]
[WhiteElo "2817"]
[BlackElo "2555"]

1.d4 d6 2.Nf3 Bg4 3.e3 Nf6 4.c4 Nbd7 5.Nc3 e5 6.Be2 Be7 7.Qb3 Rb8 8.Qa4 O-O
9.Qxa7 Bxf3 10.Bxf3 Nb6 11.Bxb7 Nxc4 12.Qa6 exd4 13.exd4 d5 14.O-O Nb6 15.a4 Nc8
16.a5 h6 17.Re1 Bd6 18.h3 Ne7 19.Qb5 c6 20.Qb3 Bc7 21.a6 Qd6 22.g3 g5 23.Qa3 Nf5
24.Qxd6 Nxd6 25.Bxc6 Rbc8 26.a7 Bb6 27.a8=Q  1-0

[Event "World Blitz 2018"]
[Site "St Petersburg RUS"]
[Date "2018.12.29"]
[Round "2.11"]
[White "Golubov,Saveliy"]
[Black "Mamedyarov,S"]
[Result "0-1"]
[WhiteElo "2482"]
[BlackElo "2817"]

1.d4 Nf6 2.Nf3 b6 3.Bf4 Bb7 4.e3 g6 5.h3 Bg7 6.Nbd2 O-O 7.Bd3 d6 8.Bh2 Nbd7
9.O-O Re8 10.e4 e5 11.dxe5 dxe5 12.b4 Nh5 13.Re1 Qe7 14.c3 a5 15.a3 Nf4 16.Bf1 Red8
17.Qc2 h5 18.Nc4 Qf6 19.h4 Bh6 20.Rad1 Bc6 21.Rxd7 Bxd7 22.Ncxe5 Bg4 23.Bc4 Be6
24.Qb3 axb4 25.axb4 Nd3 26.Nxd3 Rxd3 27.Be5 Qe7 28.Bd5 Bxd5 29.exd5 Rxf3
30.gxf3 Bf4 31.c4 Bxe5 32.f4 Ra1 33.Rxa1 Bxa1 34.Qa3 Bd4 35.Qf3 Qxh4 36.c5 bxc5
37.b5 c4 38.Kg2 Qg4+  0-1

[Event "World Blitz 2018"]
[Site "St Petersburg RUS"]
[Date "2018.12.29"]
[Round "3.7"]
[White "Mamedyarov,S"]
[Black "Maghsoodloo,Parham"]
[Result "0-1"]
[WhiteElo "2817"]
[BlackElo "2688"]

1.d4 Nf6 2.c4 e6 3.Nf3 a6 4.Nc3 d5 5.cxd5 exd5 6.Bg5 Be6 7.e3 Nbd7 8.Bd3 Bd6
9.O-O c6 10.Qc2 Qc7 11.Rfe1 O-O 12.a3 Bg4 13.Bh4 Bh5 14.Rac1 Bg6 15.Bxg6 hxg6
16.Qb3 Rfe8 17.Bg3 Bxg3 18.hxg3 Qb6 19.Nd2 Re7 20.Qxb6 Nxb6 21.b3 Ne8 22.Na4 Nxa4
23.bxa4 a5 24.e4 Nc7 25.exd5 Rxe1+ 26.Rxe1 Nxd5 27.Rb1 Ra7 28.Nc4 Nc3 29.Re1 b5
30.axb5 cxb5 31.Re8+ Kh7 32.Nd6 b4 33.axb4 axb4 34.Rb8 Rd7 35.Nc4  0-1

[Event "World Blitz 2018"]
[Site "St Petersburg RUS"]
[Date "2018.12.29"]
[Round "4.21"]
[White "Popov,Iv RUS"]
[Black "Mamedyarov,S"]
[Result "1/2-1/2"]
[WhiteElo "2592"]
[BlackElo "2817"]

1.e4 e5 2.Nf3 Nc6 3.Nc3 Nf6 4.Bb5 Bb4 5.O-O O-O 6.Bxc6 bxc6 7.Nxe5 Qe8 8.Nd3 Bxc3
9.dxc3 Qxe4 10.Re1 Qd5 11.Re5 Qd6 12.Be3 Nd5 13.Bc5 Qg6 14.Bxf8 Kxf8 15.Qh5 d6
16.Qxg6 hxg6 17.Re2 Rb8 18.c4 Nf6 19.b3 a5 20.Rae1 g5 21.f3 Bf5 22.Nf2 d5
23.cxd5 cxd5 24.Nd3 a4 25.Nc5 a3 26.g4 Bg6 27.Nd3 Nd7 28.Ne5 Nxe5 29.Rxe5 c6
30.Re7 Bxc2 31.Ra7 d4 32.Ree7 Bg6 33.Red7 c5 34.Rxa3 Kg8 35.Ra5 Rc8 36.Rd5 c4
37.Rac5 Rxc5 38.Rxc5 c3 39.Kf2 Bb1 40.a4 Bc2 41.a5 d3 42.a6 d2 43.Rd5 Bxb3
44.Rd8+ Kh7 45.a7 c2 46.a8=Q c1=Q 47.Rh8+ Kg6 48.Qe4+ Kf6 49.Qf5+ Ke7 50.Qxg5+ f6
51.Qe3+ Be6 52.Qa7+ Bd7 53.Qe3+ Kf7 54.Rd8 d1=Q 55.Rxd7+ Qxd7 56.Qxc1 Qd4+
57.Kg2 Qd3 58.Qe1 Qc2+ 59.Qf2 Qd3 60.h4 Qd5 61.Qc2 g6 62.Qc7+ Kg8 63.Kg3 Qd4
64.Qc8+ Kg7 65.Qc7+ Kg8 66.Qc2 Kg7 67.Qf2 Qe5+ 68.Kh3 Qa1 69.Qe2 Qh1+ 70.Kg3 Qg1+
71.Kf4 Qd4+ 72.Qe4 Qd6+ 73.Ke3 Qc5+ 74.Ke2 Qb5+ 75.Kf2 Qb6+ 76.Kg2 Qb2+ 77.Kh3 Qa1
78.Qe7+ Kg8 79.Qe8+ Kg7 80.Qe7+ Kg8 81.Qd8+ Kg7 82.Qc7+ Kg8  1/2-1/2

[Event "World Blitz 2018"]
[Site "St Petersburg RUS"]
[Date "2018.12.29"]
[Round "5.23"]
[White "Mamedyarov,S"]
[Black "Sarana,A"]
[Result "1/2-1/2"]
[WhiteElo "2817"]
[BlackElo "2618"]

1.d4 Nf6 2.c4 e6 3.Nf3 d5 4.Bg5 dxc4 5.Qa4+ Nbd7 6.e4 c6 7.Qxc4 Be7 8.Bd3 O-O
9.O-O c5 10.dxc5 Nxc5 11.Bc2 b5 12.Qe2 b4 13.Rd1 Qc7 14.e5 Nd5 15.Nbd2 Ba6
16.Nc4 Nb6 17.b3 Nxc4 18.bxc4 Bxg5 19.Nxg5 h6 20.Nh7 Rfd8 21.Nf6+ Kf8 22.Qe3 Bxc4
23.Rac1 Rac8 24.h3 Bxa2 25.Nh7+ Kg8 26.Nf6+ Kf8 27.Nh7+ Kg8 28.Nf6+ Kf8  1/2-1/2

[Event "World Blitz 2018"]
[Site "St Petersburg RUS"]
[Date "2018.12.29"]
[Round "6.25"]
[White "Pantsulaia,L"]
[Black "Mamedyarov,S"]
[Result "0-1"]
[WhiteElo "2597"]
[BlackElo "2817"]

1.Nf3 Nf6 2.g3 b6 3.Bg2 Bb7 4.c4 g6 5.O-O Bg7 6.d4 O-O 7.Bf4 d6 8.Re1 Nbd7
9.Qc2 Re8 10.e4 e5 11.Bd2 exd4 12.Nxd4 Nc5 13.Nc3 Ng4 14.Nde2 Qf6 15.Rf1 Ne5
16.Nf4 Nxc4 17.Ncd5 Qxb2 18.Qxc4 Qxd2 19.Nxc7 Bxa1 20.Rxa1 Nxe4 21.Qf1 Rac8
22.Nxe8 Rxe8 23.a4 d5 24.h4 Qd4 25.Rd1 Qc5 26.Rc1 Qd6 27.Qb5 Re7 28.a5 Qa3
29.Rf1 Nc3 30.Qd3 Qxa5 31.Kh2 Ba6 32.Qd4 Bxf1 33.Bxf1 Qc5 34.Qf6 Ne4  0-1

[Event "World Blitz 2018"]
[Site "St Petersburg RUS"]
[Date "2018.12.29"]
[Round "7.16"]
[White "Mamedyarov,S"]
[Black "Hovhannisyan,R"]
[Result "1-0"]
[WhiteElo "2817"]
[BlackElo "2637"]

1.d4 d5 2.c4 c6 3.Nf3 Nf6 4.Qb3 dxc4 5.Qxc4 Bg4 6.Nbd2 Nbd7 7.g3 e6 8.Bg2 Be7
9.O-O O-O 10.Qb3 Qb6 11.Nc4 Qa6 12.Bd2 Nb6 13.Rfc1 Nxc4 14.Qxc4 Qxc4 15.Rxc4 Rfd8
16.Rac1 Bf5 17.Ba5 Rd5 18.Bb4 b5 19.Bxe7 bxc4 20.Ne5 Rxd4 21.Nxc6 Rd7 22.Ne5 Rxe7
23.Bxa8 Re8 24.Bf3 Be4 25.Bxe4 Nxe4 26.Rxc4 Nd6 27.Rd4 f6 28.Rxd6 fxe5 29.Rd7 a6
30.b3 Rc8 31.Rd6 Rc2 32.Rxa6 Rxe2 33.a4 Kf7 34.a5 e4 35.b4 Rb2 36.Rb6 e3
37.fxe3 Kf6 38.a6 Ra2 39.Rc6 Kf5 40.Rc5+ e5 41.Ra5 Rb2 42.a7 Rb1+ 43.Kf2 Rb2+
44.Ke1  1-0

[Event "World Blitz 2018"]
[Site "St Petersburg RUS"]
[Date "2018.12.29"]
[Round "8.12"]
[White "Timofeev,Arty"]
[Black "Mamedyarov,S"]
[Result "0-1"]
[WhiteElo "2589"]
[BlackElo "2817"]

1.c4 Nf6 2.Nc3 b6 3.e4 Bb7 4.d3 e6 5.g3 d5 6.exd5 exd5 7.Bg2 Be7 8.Nge2 O-O
9.O-O c6 10.Nd4 Re8 11.Nf5 Bf8 12.Bg5 h6 13.Bf4 Na6 14.cxd5 Nxd5 15.Nxd5 cxd5
16.d4 Nc7 17.Qg4 Kh7 18.Bd6 Ne6 19.Bxf8 Rxf8 20.Ne3 g6 21.Qd1 Qd6 22.Qd2 f5
23.f4 Nc7 24.Nc2 Ne8 25.Ne1 Ba6 26.Rf3 Nf6 27.Ra3 Bb5 28.Nf3 Ne4 29.Qe3 Rfc8
30.Rc1 a5 31.Ne5 Ba6 32.Bxe4 dxe4 33.Rac3 Qb4 34.Rc7+ Kg8 35.Qb3+ Qxb3 36.axb3 Rxc7
37.Rxc7 Rc8 38.Rxc8+ Bxc8 39.d5 Kf8 40.Nxg6+ Kf7 41.Ne5+ Ke7 42.Nc4 b5 43.Nxa5 Kd6
44.Nc6 Bd7 45.Ne5 Bc8 46.Kf2 Kxd5 47.Ke3 Kc5 48.Kd2 Be6 49.Kc3 b4+ 50.Kc2 Kd4
51.Kd2 Bxb3 52.Nc6+ Kc5 53.Ne7 Be6 54.Ke3 Kc4 55.Nc6 h5 56.Nd4 Bd7 57.Nc2 Kb3
58.Kd2 Ba4 59.Kc1 Kc4 60.Ne3+ Kd3 61.Nxf5 e3 62.Nxe3 Kxe3 63.f5 Kf3 64.f6 Bb3
65.Kd2 Kg2 66.Ke3 Kxh2 67.Kf4 Kh3 68.Kg5 Bf7 69.Kf4 Kg2  0-1

[Event "World Blitz 2018"]
[Site "St Petersburg RUS"]
[Date "2018.12.29"]
[Round "9.7"]
[White "Mamedyarov,S"]
[Black "Korobov,A"]
[Result "1-0"]
[WhiteElo "2817"]
[BlackElo "2698"]

1.d4 Nf6 2.c4 e6 3.Nf3 b6 4.a3 Bb7 5.Nc3 d5 6.Bg5 Be7 7.Qa4+ c6 8.cxd5 Nxd5
9.Bxe7 Qxe7 10.Nxd5 exd5 11.e3 O-O 12.Rc1 c5 13.Be2 Nd7 14.O-O Rfd8 15.Rfd1 a5
16.Bb5 Nf6 17.dxc5 bxc5 18.Bc6 Rdc8 19.Rxc5 Rab8 20.Rdc1 Bxc6 21.Rxc6 Rxc6
22.Rxc6 h6 23.Qc2 Qb7 24.Nd4 Ne4 25.f3 Nf6 26.Rc7 Qa6 27.b3 Re8 28.Qc3 Qd6
29.b4 axb4 30.axb4 Qa6 31.b5 Qa2 32.Rc8 Rxc8 33.Qxc8+ Kh7 34.Qc2+  1-0